MARC details
| 000 -LEADER |
| fixed length control field |
01327cam a2200385 i 4500 |
| 001 - CONTROL NUMBER |
| control field |
17373498 |
| 003 - CONTROL NUMBER IDENTIFIER |
| control field |
OSt |
| 005 - DATE AND TIME OF LATEST TRANSACTION |
| control field |
20230605094929.0 |
| 008 - FIXED-LENGTH DATA ELEMENTS--GENERAL INFORMATION |
| fixed length control field |
120705t20112011ke a 000 0deng d |
| 010 ## - LIBRARY OF CONGRESS CONTROL NUMBER |
| LC control number |
2012311559 |
| 016 7# - NATIONAL BIBLIOGRAPHIC AGENCY CONTROL NUMBER |
| Record control number |
016190259 |
| Source |
Uk |
| 020 ## - INTERNATIONAL STANDARD BOOK NUMBER |
| Canceled/invalid ISBN |
9966716338 |
| 035 ## - SYSTEM CONTROL NUMBER |
| System control number |
(OCoLC)ocn809933085 |
| 040 ## - CATALOGING SOURCE |
| Original cataloging agency |
CUY |
| Language of cataloging |
eng |
| Transcribing agency |
CUY |
| Description conventions |
rda |
| Modifying agency |
UKMGB |
| -- |
OSU |
| -- |
OCLCQ |
| -- |
DLC |
| 042 ## - AUTHENTICATION CODE |
| Authentication code |
lccopycat |
| -- |
lcode |
| 043 ## - GEOGRAPHIC AREA CODE |
| Geographic area code |
f-ke--- |
| 050 00 - LIBRARY OF CONGRESS CALL NUMBER |
| Classification number |
JQ2947.A71 |
| Item number |
M38 2011 |
| 100 1# - MAIN ENTRY--PERSONAL NAME |
| Personal name |
Mburia, Pamela, |
| Relator term |
author. |
| 245 10 - TITLE STATEMENT |
| Title |
Journey to leadership : |
| Remainder of title |
women legislators in Kenya's tenth parliament / |
| Statement of responsibility, etc. |
Pamela Mburia, Jane Thuo, Marceline Nyambala. |
| 264 #1 - PRODUCTION, PUBLICATION, DISTRIBUTION, MANUFACTURE, AND COPYRIGHT NOTICE |
| Place of production, publication, distribution, manufacture |
Nairobi : |
| Name of producer, publisher, distributor, manufacturer |
AMWIK, Association of Media Women in Kenya, |
| Date of production, publication, distribution, manufacture, or copyright notice |
[2011] |
| 264 #4 - PRODUCTION, PUBLICATION, DISTRIBUTION, MANUFACTURE, AND COPYRIGHT NOTICE |
| Date of production, publication, distribution, manufacture, or copyright notice |
©2011 |
| 300 ## - PHYSICAL DESCRIPTION |
| Extent |
84 pages : |
| Other physical details |
color illustrations ; |
| Dimensions |
25 cm |
| 336 ## - CONTENT TYPE |
| Content type term |
text |
| Content type code |
txt |
| Source |
rdacontent |
| 337 ## - MEDIA TYPE |
| Media type term |
unmediated |
| Media type code |
n |
| Source |
rdamedia |
| 338 ## - CARRIER TYPE |
| Carrier type term |
volume |
| Carrier type code |
nc |
| Source |
rdacarrier |
| 500 ## - GENERAL NOTE |
| General note |
Author's statement from cover. |
| 650 #0 - SUBJECT ADDED ENTRY--TOPICAL TERM |
| Topical term or geographic name as entry element |
Women legislators |
| Geographic subdivision |
Kenya. |
| 650 #0 - SUBJECT ADDED ENTRY--TOPICAL TERM |
| Topical term or geographic name as entry element |
Women |
| General subdivision |
Political activity |
| Geographic subdivision |
Kenya. |
| 651 #0 - SUBJECT ADDED ENTRY--GEOGRAPHIC NAME |
| Geographic name |
Kenya |
| General subdivision |
Politics and government |
| Chronological subdivision |
2002- |
| 700 1# - ADDED ENTRY--PERSONAL NAME |
| Personal name |
Thuo, Jane, |
| Relator term |
author. |
| 700 1# - ADDED ENTRY--PERSONAL NAME |
| Personal name |
Nyambala, Marceline A., |
| Relator term |
author. |
| 906 ## - LOCAL DATA ELEMENT F, LDF (RLIN) |
| a |
7 |
| b |
cbc |
| c |
copycat |
| d |
3 |
| e |
ncip |
| f |
20 |
| g |
y-gencatlg |
| 942 ## - ADDED ENTRY ELEMENTS (KOHA) |
| Source of classification or shelving scheme |
Dewey Decimal Classification |
| Koha item type |
Books |